000 00909nam a22002535i 4500
001 166128
003 ES-MaACL
005 20260306063017.0
008 050908s1860 gw | |||||||| ||eng d
040 _aCAM
_bspa
_cCAM
100 1 _aTennyson, Alfred Tennyson,
_cBaron,
_d1809-1892
_9162209
245 1 0 _aPoems /
_cAlfred Tennyson.
260 _aLeipzig :
_bBernhard Tauchnitz,
_c1860.
300 _a2 v. (268 ; 234 p.) ;
_c16 cm.
490 1 _aCollection of british authors ;
_v503 ; 504
490 1 _aThe poetical works of Alfred Tennyson ;
_v3 ; 4
650 4 _916190
_aPoesía inglesa-
_yS.XIX
700 1 _aTauchnitz, Alfred,
_9133144
830 0 _aCollection of british authors ;
_v503 ; 504
_9180703
830 0 _aThe poetical works of Alfred Tennyson ;
_v3 ; 4
_9188594
852 _aES-MaACL
_jG-12844(3) y G- 12845(1)
_z-- Enc. hol.
942 _2udc
999 _c166128
_d166128